Представление документа в формате RUSMARC

ПолеНазваниеЗначение
  Тип записи a
  Библиографический уровень m
001 Контрольный номер Book/18115
005 Дата корректировки 20240209174446.0
010 Индекс ISBN __
a ISBN 5-479-00305-4
b Уточнения в пер.
d Цена 90 р.
9 Тираж 10 000 экз.
090 Данные записи __
a Состояние записи Р1
b Тип записи Книги
c Язык записи Русский
d Отрасль знаний (КСУ) Другая
e Секретность Несекретно
g Вид записи Монография (однотомник)
x Дата передачи записи для обработки А41
100 Данные общей обработки __
a Данные общей обработки 20120505d2013 u u 1rusy ||||ca
101 Язык документа 0_
a Язык текста rus
105 Кодированные данные (монография) __
a Кодированные данные (монография) a z 000yy
200 Заглавие и сведения об ответственности 1_
a Заглавие Аленький цветочек
b Общее обозначение материала Текст
e Сведения, относящиеся к заглавию сказки
f Первые сведения об ответственности С. Т. Аксаков
210 Выходные данные 1_
a Место издания Москва
c Издательство Стрекоза-Пресс
d Дата издания 2005
215 Физическое описание __
a Объем 64 с.
c Иллюстрации/тип воспроизводства ил.
225 Серия 1_
a Серия Путешествие в сказку
606 Тематические рубрики 1_
a Основная рубрика Русская литература, 19 в.
686 Индексы других классификаций __
a Классификационный индекс 84(2Рос=Рус)1
2 Код системы rubbk
700 Автор _1
a Фамилия Аксаков
b Имя (инициалы) С. Т.
801 Источник записи _0
a Страна RU
b Организация МБУК ЦБС г. Ульяновска
c Дата составления 20120505
801 Источник записи _1
a Страна RU
b Организация МБУК ЦБС г. Ульяновска
c Дата составления 20120505
899 Данные о местонахождении __
3 Книга № 43069
a Местонахождение 28 ф
i Авторский знак А 41
j Расстановочный фильтр Р1
d Название фонда Инв.книга №1
q Состояние Свободно
x Инвентарный номер 154310
901 Тип документа __
t Тип документа m
910 Корректоры записи __
a Корректор записи Егорова